LEADER 01844nam 2200397 450 001 996280918803316 005 20230426161120.0 035 $a(CKB)3440000000000852 035 $a(NjHacI)993440000000000852 035 $a(EXLCZ)993440000000000852 100 $a20230426d2015 uy 0 101 0 $aeng 135 $aur||||||||||| 181 $ctxt$2rdacontent 182 $cc$2rdamedia 183 $acr$2rdacarrier 200 10$a2015 IEEE/ACM International Symposium on Code Generation and Optimization (CGO) $eCGO 2015 : February 7-11, 2015, San Francisco, California, USA /$fIEEE Computer Society 210 1$aPiscataway, NJ :$cIEEE,$d2015. 215 $a1 online resource $cillustrations 311 $a1-4799-8162-1 320 $aIncludes bibliographical references. 330 $aAnnotation The International Symposium on Code Generation and Optimization (CGO) provides a premier venue to bring together researchers and practitioners working at the interface of hardware and software on a wide range of optimization and code generation techniques and related issues The conference spans the spectrum from purely static to fully dynamic approaches, including techniques ranging from pure software based methods to architectural features and support. 517 $aCode Generation and Optimization (CGO), 2015 IEEE/ACM International Symposium on 517 $a2015 IEEE/ACM International Symposium on Code Generation and Optimization 517 $aCode Generation and Optimization 606 $aCompilers (Computer programs)$vCongresses 606 $aCode generators 615 0$aCompilers (Computer programs) 615 0$aCode generators. 676 $a005.453 801 0$bNjHacI 801 1$bNjHacl 906 $aPROCEEDING 912 $a996280918803316 996 $a2015 IEEE$92495912 997 $aUNISA LEADER 00990nam a2200277 i 4500 001 991001783029707536 005 20020503153534.0 008 010315s1959 us ||| | eng 035 $ab10272112-39ule_inst 035 $aEXGIL91405$9ExL 040 $aBiblioteca Interfacoltà$bita 082 04$a096 100 1 $aWeitzmann, Kurt$0153187 245 10$aAncient book illumination /$cKurt Weitzmann 260 $aCambridge :$bHarvard University Press,$c1959 300 $aXIV, 166 p., [64] tav. :$bill. ;$c24 cm. 490 0 $aMartin classical lectures ;$v16 650 4$aLibri rari antichi e di pregio 650 4$aManoscritti miniati 907 $a.b10272112$b17-02-17$c27-06-02 912 $a991001783029707536 945 $aLE002 096 WEI 945 $aLE002 Bibl. VII D 20$g1$i2002000281197$lle002$o-$pE0.00$q-$rl$s- $t0$u4$v2$w4$x0$y.i10323685$z27-06-02 996 $aAncient book illumination$924212 997 $aUNISALENTO 998 $ale002$b01-01-01$cm$da $e-$feng$gus $h0$i1